[Event "Helsinki Chess Festival - U20"]
[Site "chess24.com"]
[Date "2019.08.16"]
[Round "6"]
[White "Apol, Luitjen Akselsson"]
[Black "Liu, Casper"]
[Result "1-0"]
[Board "3"]
[WhiteElo "2059"]
[WhiteCountry "FAI"]
[WhiteFideId "7202466"]
[WhiteEloChange "12"]
[BlackElo "2130"]
[BlackCountry "DEN"]
[BlackFideId "1454153"]
[BlackEloChange "-12"]

1. e4 {[%clk 1:29:40]} c5 {[%clk 1:30:54]} 2. Nf3 {[%clk 1:29:20]} d6 {[%clk
1:31:18]} 3. d4 {[%clk 1:29:25]} cxd4 {[%clk 1:31:43]} 4. Nxd4 {[%clk 1:29:51]}
Nf6 {[%clk 1:32:05]} 5. Nc3 {[%clk 1:29:56]} Nc6 {[%clk 1:32:30]} 6. Bg5 {[%clk
1:29:58]} Bd7 {[%clk 1:32:54]} 7. Qd2 {[%clk 1:29:30]} Rc8 {[%clk 1:31:51]} 8. f4
{[%clk 1:28:15]} Nxd4 {[%clk 1:32:13]} 9. Qxd4 {[%clk 1:28:33]} Qa5 {[%clk
1:32:40]} 10. e5 {[%clk 1:25:20]} dxe5 {[%clk 1:33:04]} 11. fxe5 {[%clk 1:25:33]}
e6 {[%clk 1:33:28]} 12. O-O-O {[%clk 1:24:57]} Bc5 {[%clk 1:33:54]} 13. Qd3
{[%clk 1:24:50]} Nd5 {[%clk 1:29:53]} 14. Nxd5 {[%clk 1:25:09]} exd5 {[%clk
1:30:19]} 15. Qxd5 {[%clk 1:24:27]} Bc6 {[%clk 1:20:31]} 16. Bd2 {[%clk 1:23:50]}
Bxd5 {[%clk 1:19:18]} 17. Bxa5 {[%clk 1:24:04]} Bxa2 {[%clk 1:18:54]} 18. Bb5+
{[%clk 1:21:21]} Ke7 {[%clk 1:15:53]} 19. Rd7+ {[%clk 1:20:05]} Ke6 {[%clk
1:16:12]} 20. Rxb7 {[%clk 0:51:30]} Rb8 {[%clk 1:16:13]} 21. Bd7+ {[%clk
0:50:01]} Ke7 {[%clk 1:16:22]} 22. Rxb8 {[%clk 0:44:07]} Rxb8 {[%clk 1:16:46]}
23. Rd1 {[%clk 0:39:43]} Be3+ {[%clk 1:12:44]} 24. Bd2 {[%clk 0:40:06]} Bxd2+
{[%clk 1:05:33]} 25. Rxd2 {[%clk 0:40:27]} Rd8 {[%clk 1:05:41]} 26. Bg4 {[%clk
0:39:05]} Rxd2 {[%clk 1:04:06]} 27. Kxd2 {[%clk 0:39:29]} Bd5 {[%clk 1:03:03]}
28. g3 {[%clk 0:37:13]} Be6 {[%clk 1:03:11]} 29. Bf3 {[%clk 0:28:32]} Bf5 {[%clk
1:03:34]} 30. g4 {[%clk 0:26:59]} Bg6 {[%clk 1:01:49]} 31. h4 {[%clk 0:23:19]} h5
{[%clk 0:59:50]} 32. gxh5 {[%clk 0:23:41]} Bf5 {[%clk 1:00:16]} 33. Bd5 {[%clk
0:24:03]} Bg4 {[%clk 0:59:54]} 34. h6 {[%clk 0:24:16]} gxh6 {[%clk 1:00:15]} 35.
b4 {[%clk 0:21:34]} f6 {[%clk 0:59:41]} 36. exf6+ {[%clk 0:22:00]} Kxf6 {[%clk
1:00:05]} 37. Ke3 {[%clk 0:22:02]} Ke5 {[%clk 1:00:22]} 38. c4 {[%clk 0:22:08]}
Bd7 {[%clk 0:59:33]} 39. Bb7 {[%clk 0:19:47]} Be8 {[%clk 0:58:28]} 40. c5 {[%clk
0:45:33]} h5 {[%clk 1:28:13]} 41. Bf3 {[%clk 0:44:02]} Bf7 {[%clk 1:27:47]} 42.
b5 {[%clk 0:42:55]} Be8 {[%clk 1:26:57]} 43. b6 {[%clk 0:42:26]} axb6 {[%clk
1:27:20]} 44. cxb6 {[%clk 0:42:55]} Kd6 {[%clk 1:27:19]} 45. Kf4 {[%clk 0:43:10]}
Bc6 {[%clk 1:26:33]} 46. Bxc6 {[%clk 0:43:14]} 1-0

[Event "Helsinki Chess Festival - U20"]
[Site "chess24.com"]
[Date "2019.08.16"]
[Round "6"]
[White "Ingebretsen, Jens E"]
[Black "Heimisson, Hilmir Freyr"]
[Result "0-1"]
[Board "4"]
[WhiteTitle "FM"]
[WhiteElo "2277"]
[WhiteCountry "NOR"]
[WhiteFideId "1522965"]
[WhiteEloChange "-11"]
[BlackTitle "FM"]
[BlackElo "2258"]
[BlackCountry "ISL"]
[BlackFideId "2309998"]
[BlackEloChange "11"]

1. c4 {[%clk 2:09:27]} c5 {[%clk 0:01:24]} 2. Nf3 {[%clk 0:00:07]} Nc6 {[%clk
0:00:21]} 3. Nc3 {[%clk 0:00:05]} g6 {[%clk 0:00:37]} 4. g3 {[%clk 0:00:47]} Bg7
{[%clk 0:00:10]} 5. Bg2 {[%clk 0:00:04]} e6 {[%clk 0:00:34]} 6. O-O {[%clk
0:01:14]} Nge7 {[%clk 0:00:12]} 7. e3 {[%clk 0:03:54]} O-O {[%clk 0:01:05]} 8. d4
{[%clk 0:01:23]} cxd4 {[%clk 0:00:07]} 9. exd4 {[%clk 0:02:58]} d5 {[%clk
0:00:12]} 10. Bf4 {[%clk 0:06:31]} dxc4 {[%clk 0:07:13]} 11. Qe2 {[%clk 0:10:06]}
Nd5 {[%clk 0:07:06]} 12. Rad1 {[%clk 0:04:56]} Nxf4 {[%clk 0:34:20]} 13. gxf4
{[%clk 0:00:04]} Ne7 {[%clk 0:00:44]} 14. Ne5 {[%clk 0:10:15]} Nd5 {[%clk
0:03:11]} 15. Qf3 {[%clk 0:01:17]} Qf6 {[%clk 0:07:59]} 16. Rfe1 {[%clk 0:14:26]}
Rd8 {[%clk 0:04:30]} 17. f5 {[%clk 0:11:29]} Qxf5 {[%clk 0:04:43]} 18. Qxf5
{[%clk 0:01:43]} gxf5 {[%clk 0:00:03]} 19. Nxc4 {[%clk 0:00:28]} Nf4 {[%clk
0:02:02]} 20. Bf3 {[%clk 0:12:48]} Rxd4 {[%clk 0:06:20]} 21. Rxd4 {[%clk
0:01:43]} Bxd4 {[%clk 0:00:02]} 22. Nb5 {[%clk 0:00:27]} Bxf2+ {[%clk 0:10:11]}
23. Kxf2 {[%clk 0:00:09]} Nd3+ {[%clk 0:10:41]} 24. Kf1 {[%clk 0:00:49]} Nxe1
{[%clk 0:10:50]} 25. Kxe1 {[%clk 0:00:03]} Bd7 {[%clk 0:10:35]} 26. Nbd6 {[%clk
0:00:37]} Bc6 {[%clk 0:10:35]} 27. Bh5 {[%clk 0:01:58]} Rd8 {[%clk 0:07:38]} 28.
Nxf7 {[%clk 0:06:08]} Rd4 {[%clk 0:07:22]} 29. Nfe5 {[%clk 0:00:13]} Bd5 {[%clk
0:04:36]} 30. Be2 {[%clk 0:04:48]} Kg7 {[%clk 0:03:40]} 31. b3 {[%clk 0:00:41]}
Bxc4 {[%clk 0:03:14]} 32. Nxc4 {[%clk 0:00:19]} Kf6 {[%clk 0:03:09]} 33. Na5
{[%clk 0:01:04]} Rh4 {[%clk 0:03:04]} 34. Nxb7 {[%clk 0:00:28]} Rxh2 {[%clk
0:03:29]} 35. a4 {[%clk 0:01:56]} e5 {[%clk 0:03:23]} 36. a5 {[%clk 0:01:24]} e4
{[%clk 0:03:18]} 37. Nd8 {[%clk 0:00:40]} f4 {[%clk 0:03:23]} 38. Nc6 {[%clk
0:00:39]} f3 {[%clk 0:03:38]} 39. Bf1 {[%clk 0:00:40]} Ra2 {[%clk 0:03:33]} 40.
Nd4 {[%clk 0:00:39]} Ke5 {[%clk 0:03:12]} 41. Nc6+ {[%clk 0:00:24]} Kf4 {[%clk
0:03:07]} 42. Ne7 {[%clk 0:00:02]} Ra1+ {[%clk 0:03:22]} 0-1

[Event "Helsinki Chess Festival - U20"]
[Site "chess24.com"]
[Date "2019.08.16"]
[Round "6"]
[White "Juksta, Karolis"]
[Black "Wartiovaara, Oliver"]
[Result "1/2-1/2"]
[Board "5"]
[WhiteElo "2259"]
[WhiteCountry "LTU"]
[WhiteFideId "12809039"]
[WhiteEloChange "-3"]
[BlackElo "2166"]
[BlackCountry "FIN"]
[BlackFideId "513024"]
[BlackEloChange "3"]

1. d4 {[%clk 1:30:59]} Nf6 {[%clk 1:30:18]} 2. c4 {[%clk 1:31:22]} g6 {[%clk
1:30:44]} 3. Nc3 {[%clk 1:31:47]} d5 {[%clk 1:31:12]} 4. cxd5 {[%clk 1:32:11]}
Nxd5 {[%clk 1:31:39]} 5. e4 {[%clk 1:32:36]} Nxc3 {[%clk 1:32:05]} 6. bxc3 {[%clk
1:33:01]} Bg7 {[%clk 1:32:32]} 7. Nf3 {[%clk 1:33:25]} c5 {[%clk 1:32:59]} 8. Be3
{[%clk 1:33:50]} Qa5 {[%clk 1:33:24]} 9. Qd2 {[%clk 1:34:16]} Nc6 {[%clk
1:33:48]} 10. Rb1 {[%clk 1:34:41]} a6 {[%clk 1:34:15]} 11. Rc1 {[%clk 1:35:07]}
Bg4 {[%clk 1:34:42]} 12. d5 {[%clk 1:33:39]} Rd8 {[%clk 1:34:23]} 13. Be2 {[%clk
1:24:49]} O-O {[%clk 1:34:37]} 14. O-O {[%clk 1:00:06]} Bxf3 {[%clk 1:34:55]} 15.
Bxf3 {[%clk 1:00:01]} e6 {[%clk 1:35:16]} 16. Qe2 {[%clk 0:47:23]} exd5 {[%clk
1:23:57]} 17. exd5 {[%clk 0:47:43]} Ne5 {[%clk 1:23:07]} 18. c4 {[%clk 0:45:03]}
Nxf3+ {[%clk 1:11:14]} 19. Qxf3 {[%clk 0:45:26]} b6 {[%clk 1:10:53]} 20. Bg5
{[%clk 0:27:05]} Rd7 {[%clk 1:05:56]} 21. Qb3 {[%clk 0:15:10]} Re8 {[%clk
0:59:53]} 22. Rc2 {[%clk 0:15:14]} Qb4 {[%clk 0:53:58]} 23. Qxb4 {[%clk 0:09:18]}
cxb4 {[%clk 0:53:42]} 24. Be3 {[%clk 0:09:32]} Bc3 {[%clk 0:49:42]} 25. Bxb6
{[%clk 0:05:47]} Rc8 {[%clk 0:49:57]} 26. Rd1 {[%clk 0:03:36]} Rxc4 {[%clk
0:50:14]} 27. g3 {[%clk 0:02:31]} a5 {[%clk 0:36:15]} 28. Bxa5 {[%clk 0:00:53]}
Rc5 {[%clk 0:36:34]} 29. Bb6 {[%clk 0:01:04]} Rcxd5 {[%clk 0:36:59]} 30. Rxd5
{[%clk 0:01:30]} Rxd5 {[%clk 0:37:24]} 1/2-1/2

[Event "Helsinki Chess Festival - U20"]
[Site "chess24.com"]
[Date "2019.08.17"]
[Round "7"]
[White "Wartiovaara, Oliver"]
[Black "Askerov, Marat"]
[Result "1/2-1/2"]
[Board "1"]
[WhiteElo "2166"]
[WhiteCountry "FIN"]
[WhiteFideId "513024"]
[WhiteEloChange "4"]
[BlackTitle "FM"]
[BlackElo "2327"]
[BlackCountry "RUS"]
[BlackFideId "24175200"]
[BlackEloChange "-4"]

1. e4 {[%clk 1:30:58]} e6 {[%clk 1:29:29]} 2. d4 {[%clk 1:31:22]} d5 {[%clk
1:29:57]} 3. Nc3 {[%clk 1:31:20]} Bb4 {[%clk 1:29:48]} 4. e5 {[%clk 1:31:35]} b6
{[%clk 1:30:10]} 5. a3 {[%clk 1:31:57]} Bf8 {[%clk 1:26:47]} 6. Nf3 {[%clk
1:31:12]} Ba6 {[%clk 1:26:59]} 7. Bxa6 {[%clk 1:30:41]} Nxa6 {[%clk 1:27:27]} 8.
O-O {[%clk 1:26:21]} Ne7 {[%clk 1:27:01]} 9. Qd3 {[%clk 1:21:30]} Nb8 {[%clk
1:14:54]} 10. Ne2 {[%clk 0:14:17]} Nd7 {[%clk 1:00:15]} 11. Bg5 {[%clk 1:05:12]}
h6 {[%clk 0:46:50]} 12. Bxe7 {[%clk 1:03:59]} Bxe7 {[%clk 0:47:02]} 13. c4 {[%clk
1:03:50]} dxc4 {[%clk 0:42:58]} 14. Qxc4 {[%clk 1:04:14]} O-O {[%clk 0:38:40]}
15. Rfd1 {[%clk 1:04:00]} b5 {[%clk 0:30:11]} 16. Qc6 {[%clk 1:02:00]} Nb6 {[%clk
0:27:23]} 17. Qxb5 {[%clk 1:01:57]} Rb8 {[%clk 0:26:38]} 18. b4 {[%clk 1:00:49]}
Nd5 {[%clk 0:22:56]} 19. Qc4 {[%clk 0:58:44]} a5 {[%clk 0:20:04]} 20. bxa5 {[%clk
0:57:22]} Ra8 {[%clk 0:19:50]} 21. Nc3 {[%clk 0:54:42]} 1/2-1/2

[Event "Helsinki Chess Festival - U20"]
[Site "chess24.com"]
[Date "2019.08.17"]
[Round "7"]
[White "Heimisson, Hilmir Freyr"]
[Black "Juksta, Karolis"]
[Result "0-1"]
[Board "2"]
[WhiteTitle "FM"]
[WhiteElo "2258"]
[WhiteCountry "ISL"]
[WhiteFideId "2309998"]
[WhiteEloChange "-10"]
[BlackElo "2259"]
[BlackCountry "LTU"]
[BlackFideId "12809039"]
[BlackEloChange "10"]

1. c4 {[%clk 1:30:58]} e6 {[%clk 1:29:02]} 2. g3 {[%clk 1:28:20]} d5 {[%clk
1:29:20]} 3. Bg2 {[%clk 1:28:45]} Nf6 {[%clk 1:29:44]} 4. Nf3 {[%clk 1:29:11]}
dxc4 {[%clk 1:30:08]} 5. O-O {[%clk 1:29:35]} Nbd7 {[%clk 1:21:27]} 6. Qc2 {[%clk
1:29:47]} Rb8 {[%clk 1:16:11]} 7. a4 {[%clk 1:24:13]} c5 {[%clk 0:55:52]} 8. Na3
{[%clk 1:21:30]} b6 {[%clk 0:48:39]} 9. d4 {[%clk 1:05:48]} cxd3 {[%clk 0:31:48]}
10. Qxd3 {[%clk 1:06:05]} e5 {[%clk 0:31:03]} 11. Qc3 {[%clk 0:42:34]} e4 {[%clk
0:24:05]} 12. Ng5 {[%clk 0:34:43]} Bb7 {[%clk 0:14:51]} 13. Bf4 {[%clk 0:25:15]}
h6 {[%clk 0:06:30]} 14. Nxe4 {[%clk 0:14:48]} Nxe4 {[%clk 0:03:38]} 15. Bxe4
{[%clk 0:15:12]} Bxe4 {[%clk 0:04:00]} 16. Qe3 {[%clk 0:15:38]} Qe7 {[%clk
0:02:27]} 17. Nb5 {[%clk 0:13:11]} Bc6 {[%clk 0:01:57]} 18. Nd6+ {[%clk 0:07:56]}
Kd8 {[%clk 0:02:26]} 19. Qb3 {[%clk 0:08:25]} Qxd6 {[%clk 0:01:10]} 20. Bxd6
{[%clk 0:08:49]} Bxd6 {[%clk 0:01:39]} 21. Qxf7 {[%clk 0:08:41]} Be5 {[%clk
0:01:24]} 22. Rad1 {[%clk 0:08:38]} Kc7 {[%clk 0:01:38]} 23. Qb3 {[%clk 0:05:48]}
Rhf8 {[%clk 0:01:33]} 24. Qa3 {[%clk 0:03:48]} Rbe8 {[%clk 0:01:23]} 25. b4
{[%clk 0:03:41]} Bd4 {[%clk 0:00:39]} 26. bxc5 {[%clk 0:03:00]} Bxc5 {[%clk
0:00:50]} 27. Qa2 {[%clk 0:03:09]} a5 {[%clk 0:00:55]} 28. Rc1 {[%clk 0:02:44]}
Rf6 {[%clk 0:01:01]} 29. Rc3 {[%clk 0:01:10]} Re4 {[%clk 0:00:46]} 30. h3 {[%clk
0:01:08]} Rxa4 {[%clk 0:01:01]} 31. Qg8 {[%clk 0:01:16]} Rxf2 {[%clk 0:00:58]}
32. Rxc5 {[%clk 0:01:10]} Rg2+ {[%clk 0:00:57]} 33. Kh1 {[%clk 0:01:39]} bxc5
{[%clk 0:01:20]} 34. e4 {[%clk 0:01:09]} Bxe4 {[%clk 0:01:21]} 0-1

[Event "Helsinki Chess Festival - U20"]
[Site "chess24.com"]
[Date "2019.08.17"]
[Round "7"]
[White "Liu, Casper"]
[Black "Ingebretsen, Jens E"]
[Result "0-1"]
[Board "3"]
[WhiteElo "2130"]
[WhiteCountry "DEN"]
[WhiteFideId "1454153"]
[WhiteEloChange "-6"]
[BlackTitle "FM"]
[BlackElo "2277"]
[BlackCountry "NOR"]
[BlackFideId "1522965"]
[BlackEloChange "6"]

1. d4 {[%clk 1:30:57]} Nf6 {[%clk 1:30:37]} 2. Bf4 {[%clk 1:31:22]} d5 {[%clk
1:31:01]} 3. e3 {[%clk 1:31:47]} c5 {[%clk 1:31:27]} 4. c3 {[%clk 1:32:00]} Nc6
{[%clk 1:31:53]} 5. Nd2 {[%clk 1:32:06]} e6 {[%clk 1:32:09]} 6. Ngf3 {[%clk
1:32:25]} Bd6 {[%clk 1:32:34]} 7. Bg3 {[%clk 1:32:50]} O-O {[%clk 1:32:59]} 8.
Bd3 {[%clk 1:33:11]} b6 {[%clk 1:33:16]} 9. Qe2 {[%clk 1:33:38]} Bb7 {[%clk
1:31:42]} 10. Rd1 {[%clk 1:33:26]} Re8 {[%clk 1:30:39]} 11. e4 {[%clk 1:23:27]}
e5 {[%clk 1:14:33]} 12. dxc5 {[%clk 1:23:17]} Bxc5 {[%clk 1:13:39]} 13. exd5
{[%clk 1:22:50]} Qxd5 {[%clk 1:09:12]} 14. Bc4 {[%clk 1:21:32]} Qd7 {[%clk
1:06:07]} 15. Ne4 {[%clk 1:21:33]} Qf5 {[%clk 1:05:16]} 16. Nxf6+ {[%clk
1:14:53]} Qxf6 {[%clk 1:00:01]} 17. Rd7 {[%clk 1:12:33]} Nd8 {[%clk 0:59:27]} 18.
b4 {[%clk 0:48:30]} Bc6 {[%clk 0:52:35]} 19. Rxd8 {[%clk 0:43:38]} Raxd8 {[%clk
0:50:20]} 20. bxc5 {[%clk 0:43:59]} e4 {[%clk 0:50:30]} 21. Nd4 {[%clk 0:44:04]}
bxc5 {[%clk 0:49:55]} 22. Bh4 {[%clk 0:43:35]} g5 {[%clk 0:48:27]} 23. Qh5 {[%clk
0:41:42]} cxd4 {[%clk 0:20:27]} 24. Bxg5 {[%clk 0:41:30]} Qf5 {[%clk 0:20:31]}
25. Qh6 {[%clk 0:35:15]} Rb8 {[%clk 0:17:22]} 26. O-O {[%clk 0:34:08]} Qg6 {[%clk
0:17:28]} 27. Qxg6+ {[%clk 0:34:24]} hxg6 {[%clk 0:17:56]} 28. cxd4 {[%clk
0:34:42]} Rb4 {[%clk 0:18:08]} 29. Rc1 {[%clk 0:34:23]} Reb8 {[%clk 0:16:19]} 30.
Bb3 {[%clk 0:32:18]} Bd7 {[%clk 0:12:49]} 31. Be3 {[%clk 0:30:14]} a5 {[%clk
0:10:08]} 32. Bd2 {[%clk 0:29:29]} a4 {[%clk 0:09:25]} 33. Bxb4 {[%clk 0:29:55]}
axb3 {[%clk 0:09:52]} 34. a3 {[%clk 0:29:52]} e3 {[%clk 0:09:53]} 35. Rb1 {[%clk
0:23:26]} e2 {[%clk 0:10:04]} 36. f3 {[%clk 0:23:06]} Bf5 {[%clk 0:10:18]} 37.
Rb2 {[%clk 0:22:47]} Rxb4 {[%clk 0:10:36]} 0-1

[Event "Helsinki Chess Festival - U20"]
[Site "chess24.com"]
[Date "2019.08.17"]
[Round "7"]
[White "Timoshin, Andrei"]
[Black "Apol, Luitjen Akselsson"]
[Result "1/2-1/2"]
[Board "4"]
[WhiteElo "2154"]
[WhiteCountry "EST"]
[WhiteFideId "4503503"]
[WhiteEloChange "-3"]
[BlackElo "2059"]
[BlackCountry "FAI"]
[BlackFideId "7202466"]
[BlackEloChange "3"]

1. e4 {[%clk 13:16:01]} c5 {[%clk 0:00:18]} 2. Nf3 {[%clk 0:00:07]} d6 {[%clk
0:00:25]} 3. d4 {[%clk 0:00:31]} cxd4 {[%clk 0:00:29]} 4. Qxd4 {[%clk 0:00:51]}
Nc6 {[%clk 0:06:30]} 5. Bb5 {[%clk 0:00:09]} Bd7 {[%clk 0:00:27]} 6. Bxc6 {[%clk
0:00:02]} Bxc6 {[%clk 0:00:48]} 7. c4 {[%clk 0:00:07]} Nf6 {[%clk 0:01:26]} 8.
Nc3 {[%clk 0:00:10]} g6 {[%clk 0:04:17]} 9. O-O {[%clk 0:05:36]} Bg7 {[%clk
0:00:42]} 10. Qd3 {[%clk 0:00:14]} O-O {[%clk 0:01:07]} 11. Rb1 {[%clk 0:00:41]}
Nd7 {[%clk 0:00:51]} 12. b4 {[%clk 0:03:16]} b6 {[%clk 0:02:57]} 13. Bb2 {[%clk
0:00:31]} Rc8 {[%clk 0:03:04]} 14. Nd5 {[%clk 0:00:51]} Ne5 {[%clk 0:05:37]} 15.
Nxe5 {[%clk 0:05:35]} dxe5 {[%clk 0:00:07]} 16. b5 {[%clk 0:03:46]} Bb7 {[%clk
0:01:50]} 17. Ba3 {[%clk 0:00:10]} Re8 {[%clk 0:00:05]} 18. Nxe7+ {[%clk
0:18:56]} Rxe7 {[%clk 0:09:17]} 19. Qxd8+ {[%clk 0:00:09]} Rxd8 {[%clk 0:00:05]}
20. Bxe7 {[%clk 0:00:07]} Re8 {[%clk 0:00:30]} 21. Bd6 {[%clk 0:34:36]} Bxe4
{[%clk 0:00:45]} 22. Rbd1 {[%clk 0:00:13]} Rc8 {[%clk 0:12:37]} 23. Rfe1 {[%clk
0:00:09]} Bf5 {[%clk 0:08:28]} 24. Bxe5 {[%clk 0:09:05]} Bxe5 {[%clk 0:00:09]}
25. Rxe5 {[%clk 0:00:01]} Rxc4 {[%clk 0:00:13]} 26. Re7 {[%clk 0:01:11]} Ra4
{[%clk 0:00:51]} 27. Rd8+ {[%clk 0:00:02]} Kg7 {[%clk 0:00:10]} 28. Ra8 {[%clk
0:00:05]} Rxa2 {[%clk 0:01:33]} 29. Raxa7 {[%clk 0:00:02]} Rxa7 {[%clk 0:00:35]}
30. Rxa7 {[%clk 0:00:01]} Bd3 {[%clk 0:00:09]} 31. Rb7 {[%clk 0:00:12]} Bxb5
{[%clk 0:00:06]} 32. Rxb6 {[%clk 0:00:02]} Bd7 {[%clk 0:01:05]} 33. f3 {[%clk
0:00:52]} h5 {[%clk 0:02:37]} 34. Kf2 {[%clk 0:01:55]} Bc8 {[%clk 0:08:19]} 35.
Ke3 {[%clk 0:00:50]} Bf5 {[%clk 0:00:54]} 36. Kf4 {[%clk 0:00:38]} Bd3 {[%clk
0:00:49]} 37. g4 {[%clk 0:03:55]} hxg4 {[%clk 0:01:56]} 38. fxg4 {[%clk 0:00:04]}
Bc2 {[%clk 0:02:33]} 39. h4 {[%clk 0:01:23]} Bd3 {[%clk 0:01:50]} 40. Rb2 {[%clk
0:04:44]} Bc4 {[%clk 0:02:19]} 41. Ke5 {[%clk 0:01:09]} Be6 {[%clk 0:01:39]} 42.
Kf4 {[%clk 0:01:44]} Bd5 {[%clk 0:02:20]} 43. Rb5 {[%clk 0:00:59]} Bc4 {[%clk
0:00:20]} 44. Rg5 {[%clk 0:00:36]} Kh6 {[%clk 0:01:31]} 45. Rc5 {[%clk 0:03:35]}
Be2 {[%clk 0:01:02]} 46. Re5 {[%clk 0:01:17]} Bd1 {[%clk 0:00:24]} 47. Re1 {[%clk
0:00:09]} Bb3 {[%clk 0:00:17]} 48. Ke5 {[%clk 0:00:29]} Be6 {[%clk 0:01:04]} 49.
Re4 {[%clk 0:10:32]} Kg7 {[%clk 0:03:57]} 50. Kd6 {[%clk 0:01:00]} Bb3 {[%clk
0:00:51]} 51. Ke7 {[%clk 0:00:19]} Bd5 {[%clk 0:01:58]} 52. Re3 {[%clk 0:01:44]}
Bc4 {[%clk 0:01:04]} 53. Re5 {[%clk 0:00:48]} Bb3 {[%clk 0:07:03]} 54. h5 {[%clk
0:15:10]} gxh5 {[%clk 0:03:05]} 55. Rg5+ {[%clk 0:00:37]} Kh6 {[%clk 0:00:06]}
56. Kf6 {[%clk 0:01:14]} hxg4 {[%clk 0:00:09]} 57. Rg8 {[%clk 0:00:38]} Kh7
{[%clk 0:03:15]} 58. Rxg4 {[%clk 0:01:07]} Bc2 {[%clk 0:00:52]} 59. Rg7+ {[%clk
0:01:50]} Kh8 {[%clk 0:00:33]} 60. Rxf7 {[%clk 0:02:43]} Bh7 {[%clk 0:00:27]} 61.
Rc7 {[%clk 0:02:07]} Bg8 {[%clk 0:00:28]} 62. Rc8 {[%clk 0:00:14]} Kh7 {[%clk
0:00:06]} 63. Ke7 {[%clk 0:00:15]} Kg7 {[%clk 0:00:26]} 64. Rc3 {[%clk 0:00:59]}
Bh7 {[%clk 0:00:49]} 65. Rh3 {[%clk 0:00:21]} Kh8 {[%clk 0:00:13]} 66. Kf6 {[%clk
0:00:25]} Kg8 {[%clk 0:00:07]} 67. Kg5 {[%clk 0:00:13]} Kg7 {[%clk 0:00:20]} 68.
Rh6 {[%clk 0:00:15]} Kh8 {[%clk 0:00:33]} 69. Rh1 {[%clk 0:01:15]} Kg7 {[%clk
0:00:06]} 70. Ra1 {[%clk 0:00:10]} Bg8 {[%clk 0:00:14]} 71. Ra6 {[%clk 0:00:11]}
Bh7 {[%clk 0:00:33]} 72. Rb6 {[%clk 0:00:18]} Bg8 {[%clk 0:00:15]} 73. Rg6+
{[%clk 0:00:08]} Kh8 {[%clk 0:00:09]} 74. Rxg8+ {[%clk 0:00:17]} Kxg8 {[%clk
0:00:08]} 1/2-1/2

[Event "Helsinki Chess Festival - U20"]
[Site "chess24.com"]
[Date "2019.08.17"]
[Round "7"]
[White "Keinanen, Toivo"]
[Black "Semjonovs, Ilja"]
[Result "1/2-1/2"]
[Board "5"]
[WhiteTitle "FM"]
[WhiteElo "2389"]
[WhiteCountry "FIN"]
[WhiteFideId "509825"]
[WhiteEloChange "-1"]
[BlackTitle "FM"]
[BlackElo "2370"]
[BlackCountry "LAT"]
[BlackFideId "11604263"]
[BlackEloChange "1"]

1. c4 {[%clk 1:30:57]} e5 {[%clk 1:30:20]} 2. g3 {[%clk 1:30:30]} Nf6 {[%clk
1:30:31]} 3. Bg2 {[%clk 1:30:58]} d5 {[%clk 1:30:39]} 4. cxd5 {[%clk 1:31:14]}
Nxd5 {[%clk 1:31:04]} 5. Nf3 {[%clk 1:30:30]} Nc6 {[%clk 1:31:27]} 6. O-O {[%clk
1:30:55]} Nb6 {[%clk 1:31:53]} 7. Nc3 {[%clk 1:30:29]} Be7 {[%clk 1:30:43]} 8. d3
{[%clk 1:30:16]} O-O {[%clk 1:28:44]} 9. Be3 {[%clk 1:30:44]} Be6 {[%clk
1:27:17]} 10. Rc1 {[%clk 1:31:13]} f6 {[%clk 1:19:49]} 11. a3 {[%clk 1:23:06]}
Qd7 {[%clk 1:09:25]} 12. Ne4 {[%clk 1:17:16]} Nd5 {[%clk 1:04:57]} 13. Bc5 {[%clk
1:14:25]} Bd6 {[%clk 1:03:01]} 14. b4 {[%clk 1:04:16]} Rfd8 {[%clk 0:53:43]} 15.
Qc2 {[%clk 0:56:35]} Rac8 {[%clk 0:50:44]} 16. Nc3 {[%clk 0:51:38]} Bxc5 {[%clk
0:45:06]} 17. bxc5 {[%clk 0:51:52]} Nxc3 {[%clk 0:44:55]} 18. Qxc3 {[%clk
0:52:20]} b5 {[%clk 0:44:50]} 19. Nd2 {[%clk 0:46:51]} 1/2-1/2

[Event "Helsinki Chess Festival - U20"]
[Site "chess24.com"]
[Date "2019.08.17"]
[Round "8"]
[White "Askerov, Marat"]
[Black "Semjonovs, Ilja"]
[Result "*"]
[Board "1"]
[WhiteTitle "FM"]
[WhiteElo "2327"]
[WhiteCountry "RUS"]
[WhiteFideId "24175200"]
[BlackTitle "FM"]
[BlackElo "2370"]
[BlackCountry "LAT"]
[BlackFideId "11604263"]

1. d4 {[%clk 1:30:57]} Nf6 {[%clk 1:30:52]} 2. c4 {[%clk 1:31:24]} g6 {[%clk
1:31:17]} 3. Nc3 {[%clk 1:31:49]} d5 {[%clk 1:31:42]} 4. cxd5 {[%clk 1:32:16]}
Nxd5 {[%clk 1:32:08]} 5. Na4 {[%clk 1:32:42]} Bg7 {[%clk 1:31:51]} 6. e4 {[%clk
1:33:09]} Nb6 {[%clk 1:31:58]} 7. Be3 {[%clk 1:33:34]} O-O {[%clk 1:31:41]} 8.
Nf3 {[%clk 1:33:49]} Bg4 {[%clk 1:30:27]} 9. Nc5 {[%clk 1:32:26]} Qc8 {[%clk
1:22:48]} 10. Be2 {[%clk 1:14:31]} N8d7 {[%clk 1:19:46]} 11. O-O {[%clk 1:10:08]}
Nxc5 {[%clk 1:11:43]} 12. dxc5 {[%clk 1:10:19]} Bxf3 {[%clk 1:11:52]} 13. gxf3
{[%clk 1:09:40]} Nd7 {[%clk 0:00:21]} 14. Qb3 {[%clk 1:02:15]} *

[Event "Helsinki Chess Festival - U20"]
[Site "chess24.com"]
[Date "2019.08.17"]
[Round "8"]
[White "Apol, Luitjen Akselsson"]
[Black "Keinanen, Toivo"]
[Result "0-1"]
[Board "2"]
[WhiteElo "2059"]
[WhiteCountry "FAI"]
[WhiteFideId "7202466"]
[WhiteEloChange "-3"]
[BlackTitle "FM"]
[BlackElo "2389"]
[BlackCountry "FIN"]
[BlackFideId "509825"]
[BlackEloChange "3"]

1. e4 {[%clk 1:30:35]} d6 {[%clk 1:30:56]} 2. d4 {[%clk 1:29:48]} Nf6 {[%clk
1:31:22]} 3. Nc3 {[%clk 1:30:06]} e6 {[%clk 1:31:51]} 4. Be2 {[%clk 1:26:14]} Be7
{[%clk 1:31:08]} 5. Be3 {[%clk 1:25:30]} O-O {[%clk 1:30:31]} 6. Qd2 {[%clk
1:23:03]} a6 {[%clk 1:30:27]} 7. a4 {[%clk 1:21:42]} b6 {[%clk 1:25:24]} 8. Bf3
{[%clk 1:16:40]} Bb7 {[%clk 1:23:48]} 9. Nge2 {[%clk 1:11:50]} Nfd7 {[%clk
1:12:01]} 10. g4 {[%clk 1:02:59]} c5 {[%clk 1:10:45]} 11. O-O-O {[%clk 0:30:27]}
b5 {[%clk 1:11:09]} 12. h4 {[%clk 0:30:51]} cxd4 {[%clk 1:11:09]} 13. Bxd4 {[%clk
0:31:16]} Nc6 {[%clk 1:11:34]} 14. g5 {[%clk 0:31:36]} Nde5 {[%clk 1:11:59]} 15.
Bg2 {[%clk 0:31:56]} Qa5 {[%clk 1:11:59]} 16. b3 {[%clk 0:32:21]} Nxd4 {[%clk
1:12:24]} 17. Qxd4 {[%clk 0:32:46]} Rfc8 {[%clk 1:12:49]} 18. f4 {[%clk 0:33:11]}
Nc6 {[%clk 1:13:14]} 19. Qe3 {[%clk 0:33:36]} Nb4 {[%clk 1:13:14]} 20. Rd2 {[%clk
0:34:01]} Bc6 {[%clk 1:13:39]} 21. Kb2 {[%clk 0:34:21]} bxa4 {[%clk 1:14:04]} 22.
Ra1 {[%clk 0:34:46]} Rab8 {[%clk 1:14:29]} 23. h5 {[%clk 0:35:06]} Be8 {[%clk
1:14:54]} 24. Bh3 {[%clk 0:35:31]} Qc7 {[%clk 1:14:54]} 25. g6 {[%clk 0:35:51]}
hxg6 {[%clk 1:14:54]} 26. hxg6 {[%clk 0:36:16]} axb3 {[%clk 1:15:19]} 27. cxb3
{[%clk 0:36:41]} Bf6 {[%clk 1:15:19]} 28. f5 {[%clk 0:37:06]} Qe7 {[%clk
1:15:44]} 29. fxe6 {[%clk 0:37:31]} fxe6 {[%clk 1:15:44]} 30. e5 {[%clk 0:37:56]}
Bxe5 {[%clk 1:16:09]} 31. Nd4 {[%clk 0:38:21]} Bd7 {[%clk 1:16:34]} 32. Rh1
{[%clk 0:38:46]} Nc6 {[%clk 1:16:59]} 33. Nf3 {[%clk 0:39:11]} Qf6 {[%clk
1:16:59]} 34. Nxe5 {[%clk 0:39:30]} Nxe5 {[%clk 1:16:59]} 35. Ka2 {[%clk
0:39:55]} Nxg6 {[%clk 1:17:19]} 36. Ne4 {[%clk 0:39:55]} Qe5 {[%clk 1:17:43]} 37.
Rxd6 {[%clk 0:40:20]} Rc2+ {[%clk 1:18:08]} 38. Ka3 {[%clk 0:40:45]} Qa5# {[%clk
1:18:33]} 0-1